| 000 | 004320000a22001570004500 | ||
|---|---|---|---|
| 090 |
_aAR _b01997 |
||
| 245 | 1 | 0 | _aConsensus trees, a necessity in taxonomic practice |
| 650 | 1 | 4 |
_aTaxonomía _992343 |
| 650 | 1 | 4 |
_aFilogenética _94310 |
| 650 | 1 | 4 |
_aCladística _912117 |
| 041 | 0 | _aInglés | |
| 700 | 1 |
_aTehler, Anders _995442 |
|
| 100 | 1 |
_aAnderberg, Arne _995443 |
|
| 942 | _cARTICULO | ||
| 773 | 1 |
_tWilli Hennig Society _3672 _q1-4 _d1990 |
|
| 999 |
_c11074 _d11074 |
||